000 00593nam a22002177a 4500
001 00028872
005 20260423193611.0
008 260423b ag ||||| |||| 00| 0 spa d
020 _a844130310
040 _aAR-CcCEOS
_bspa
_cAR-CcCEOS
041 _aspa
080 _a94(7/8)
090 _bLEO v.1
100 1 _aHickman, Jonathan
_9504
245 _aAmérica precolombina :
_bVolumen I /
_cJonathan Norton Leonard
264 _aBarcelona :
_bFolio,
_cc1996.
300 _a100 p. ;
_c24x18 cm.
490 _vAtlas culturales del mundo.
655 0 _aarte
_9138
942 _2udc
_cBK
_n0
999 _c28914
_d28914